000 00293nam a22001337a 4500
008 170926b xxu||||| |||| 00| 0 eng d
020 _a9780321813879
041 _aeng
080 _23RD
_a37
100 _a46
101 _aEDU
245 _aGET READY FOR A &P
_cGARRETT,L.K
942 _2udc
_cBK
999 _c30010
_d30010